logo

Bir Sreshtho Munshi Abdur Rouf Library
Jhenaidah Cadet College

বাইবেল সংক্ষিপ্ত ইতিহাস / (Record no. 11276)

MARC details
000 -LEADER
fixed length control field 00876nam a2200241 a 4500
001 - CONTROL NUMBER
JCCL Control Number 11276
003 - CONTROL NUMBER IDENTIFIER
JCCL marc code BD-JhCC
005 - DATE AND TIME OF LATEST TRANSACTION
control field 20191022134019.0
008 - FIXED-LENGTH DATA ELEMENTS--GENERAL INFORMATION
fixed length control field 190621s 2011bg |||| ||a| 000 0 ben d
020 ## - INTERNATIONAL STANDARD BOOK NUMBER
International Standard Book Number 9847011700691
035 ## - SYSTEM CONTROL NUMBER
system control number (BD-JhCC)11276
040 ## - CATALOGING SOURCE
Original cataloging agency BD-JhCC
Modifying agency BD-JhCC
041 ## - LANGUAGE CODE
Language code of Book ben
082 ## - DEWEY DECIMAL CLASSIFICATION NUMBER
Author mark and Year ARM 2011
Classification number 220.52043
100 ## - MAIN ENTRY--PERSONAL NAME
Personal name আর্মস্ট্রং, ক্যারেন
245 ## - TITLE STATEMENT
Title বাইবেল সংক্ষিপ্ত ইতিহাস /
Statement of responsibility, etc আর্মস্ট্রং, ক্যারেন, অনুবাদ: শওকত হোসেন ।
260 ## - PUBLICATION, DISTRIBUTION, ETC. (IMPRINT)
Place of publication, distribution, etc ঢাকা:
Name of publisher, distributor, etc রোদেলা প্রকাশনী;
Date of publication, distribution, etc ২০১১.
300 ## - PHYSICAL DESCRIPTION
Pagination ২২৩ পৃ. :
Dimensions ২২ সেমি.
650 ## - SUBJECT ADDED ENTRY--TOPICAL TERM
Topical term or geographic name as entry element The Holy Bible
700 ## - ADDED ENTRY--PERSONAL NAME
Personal name হোসেন, শওকত
942 ## - ADDED ENTRY ELEMENTS (KOHA)
Source of classification or shelving scheme Dewey Decimal Classification
Koha item type Books
Koha issues (borrowed), all copies 1
Holdings
Source of classification or shelving scheme Damaged status Not for loan Home library Current library Shelving location Date of accession Cost, normal purchase price Total Checkouts Full call number Barcode Date last seen Date checked out Copy number Koha item type
Dewey Decimal Classification     JCC Rouf Library JCC Rouf Library General Stacks 06/21/2019 204.00 1 220.52043 ARM 2011 15387 02/04/2020 10/22/2019 C-1 Books

JCC Library | Contacts | JCC Home

Last Update on 23 September 2017
Copyright @ 2017-2020 JCC Rouf Library
Rouf Library, Jhenidah Cadet College (JCC), Bangladesh